00599nam a22002057a 450000500170000001000110001702000100002803500110003803700160004904000120006508200130007710000190009024501170010926000470022627000420027330000240031550000190033965000130035865000220037120170124105949.0 a911973 c00.00 a911973 bCen Lib/Ret aDPLbEN a250bKIM aKimura, Ryukan aA historical study of the terms Hinayana :cby Ryukan Kimuraband Mahayana and the origin of Mahayana buddhism / aPatnabIndological Book Ncorporationc1978 aPatliputra Path Rajrndra NagarbPatna axx,202p. c20cm(Hb) aIncludes index aBuddhism aMahayana Buddhism